[Event "RF-2014-0-00210"]
[Site "LSS email"]
[Date "2014.12.01"]
[Round "?"]
[White "Neumann, Rudolf Phernandes O"]
[Black "Verich, Oleg"]
[Result "0-1"]
[WhiteElo "740"]
[BlackElo "1009"]
[PlyCount "54"]
[EventDate "2014.10.30"]
[EventType "tourn (corr)"]
[EventRounds "6"]
[EventCountry "GER"]
[SourceTitle "Corr 2015"]
[Source "ChessBase"]
[SourceDate "2015.07.17"]
[SourceVersion "1"]
[SourceVersionDate "2015.07.17"]
[SourceQuality "1"]

1. d4 Nf6 2. c4 e6 3. Nc3 Bb4 4. Qc2 0-0 5. Bg5 d5 6. e3 c5 7. Nf3 Nbd7 8. Bd3 h6 9. Bf4 cxd4 10. exd4 dxc4 11. Bxc4 Nb6 12. Bb3 Nbd5 13. Bg3 b6 14. 0-0 Bb7 15. Rac1 Rc8 16. Bxd5 Nxd5 17. Qd3 Bd6 18. Ne5 Nb4 19. Qe2 Ba6 20. Nb5 Rxc1 21. Rxc1 Qg5 22. Ra1 Bxe5 23. dxe5 Rc8 24. a4 Rc2 25. Qf3 Rc1+ 26. Rxc1 Qxc1+ 27. Qd1 Qxd1# 0-1

[Event "RF-2014-0-00210"]
[Site "LSS email"]
[Date "2014.12.01"]
[Round "?"]
[White "Pons, Francisco"]
[Black "Neumann, Rudolf Phernandes O"]
[Result "1-0"]
[WhiteElo "889"]
[BlackElo "740"]
[PlyCount "35"]
[EventDate "2014.10.30"]
[EventType "tourn (corr)"]
[EventRounds "6"]
[EventCountry "GER"]
[SourceTitle "Corr 2015"]
[Source "ChessBase"]
[SourceDate "2015.07.17"]
[SourceVersion "1"]
[SourceVersionDate "2015.07.17"]
[SourceQuality "1"]

1. e4 c6 2. d4 d5 3. e5 Bf5 4. Nf3 h6 5. Nh4 Bh7 6. e6 fxe6 7. Bd3 Bxd3 8. Qxd3 Nf6 9. Ng6 Rg8 10. Ne5 g5 11. 0-0 Nbd7 12. f4 Nxe5 13. fxe5 Ne4 14. Nd2 Nxd2 15. Bxd2 Qb6 16. Qh7 Rg7 17. Rxf8+ Kxf8 18. Rf1+ 1-0

[Event "RN-2014-0-00880"]
[Site "LSS email"]
[Date "2014.11.26"]
[Round "?"]
[White "Cherry, Brian"]
[Black "Neumann, Rudolf Phernandes O"]
[Result "0-1"]
[WhiteElo "651"]
[BlackElo "740"]
[PlyCount "68"]
[EventDate "2014.11.21"]
[EventType "tourn (corr)"]
[EventRounds "6"]
[EventCountry "GER"]
[SourceTitle "Corr 2015"]
[Source "ChessBase"]
[SourceDate "2015.07.17"]
[SourceVersion "1"]
[SourceVersionDate "2015.07.17"]
[SourceQuality "1"]

1. e4 c6 2. d4 d5 3. e5 Bf5 4. Bf4 e6 5. Bd3 Ne7 6. Nf3 Nd7 7. 0-0 Bxd3 8. Qxd3 Nf5 9. c4 Be7 10. Nbd2 0-0 11. Rab1 Re8 12. b4 dxc4 13. Nxc4 Nb6 14. a3 Nd5 15. Bd2 h6 16. a4 b5 17. axb5 cxb5 18. Na3 a6 19. Nc2 Rc8 20. Ra1 Qb6 21. Ra5 Rc4 22. Rfa1 Ra8 23. Ne3 Nfxe3 24. Bxe3 Bxb4 25. R5a2 a5 26. Bd2 Bxd2 27. Qxd2 a4 28. Ne1 Rxd4 29. Qb2 Rb4 30. Qc2 Rc4 31. Qd3 Nb4 32. Qd6 Qxd6 33. exd6 Nxa2 34. Rxa2 Rd4 0-1

[Event "RN-2014-0-00880"]
[Site "LSS email"]
[Date "2014.11.26"]
[Round "?"]
[White "Neumann, Rudolf Phernandes O"]
[Black "Lenz, Juergen"]
[Result "0-1"]
[WhiteElo "740"]
[BlackElo "905"]
[PlyCount "84"]
[EventDate "2014.11.21"]
[EventType "tourn (corr)"]
[EventRounds "6"]
[EventCountry "GER"]
[SourceTitle "Corr 2015"]
[Source "ChessBase"]
[SourceDate "2015.07.17"]
[SourceVersion "1"]
[SourceVersionDate "2015.07.17"]
[SourceQuality "1"]

1. d4 c5 2. d5 Nf6 3. c4 Ne4 4. Qc2 Qa5+ 5. Bd2 Nxd2 6. Nxd2 g6 7. Ngf3 Bg7 8. e4 d6 9. Be2 Na6 10. a3 0-0 11. 0-0 Nc7 12. h3 Bd7 13. Rfb1 b5 14. Ra2 a6 15. b4 Qb6 16. cxb5 Bxb5 17. bxc5 Qxc5 18. Qd1 Bxe2 19. Qxe2 Nb5 20. Qd3 Rfc8 21. Rb4 Bc3 22. Nb3 Qa7 23. Rc4 Rxc4 24. Qxc4 Bf6 25. a4 Nc3 26. Rc2 Nd1 27. Nbd4 Qb6 28. Nc6 Nb2 29. Qa2 Kf8 30. a5 Qb7 31. Nfd4 Nd3 32. Rd2 Nc5 33. Rb2 Qc7 34. Rb1 Kg7 35. Qe2 e5 36. Nc2 Bg5 37. Ne3 Nxe4 38. Ng4 Nc3 39. Qc2 Nxb1 40. Qxb1 h5 41. Nh2 f5 42. Nf3 Bf6 0-1

[Event "LSS No Engine Cup 120 Preliminary 7"]
[Site "LSS email"]
[Date "2014.11.01"]
[Round "?"]
[White "Neumann, Rudolf Phernandes O"]
[Black "Couspeyre, Thierry"]
[Result "0-1"]
[WhiteElo "740"]
[BlackElo "1048"]
[PlyCount "54"]
[EventDate "2014.11.02"]
[EventType "tourn (corr)"]
[EventRounds "6"]
[EventCountry "GER"]
[SourceTitle "Corr 2015"]
[Source "ChessBase"]
[SourceDate "2015.07.17"]
[SourceVersion "1"]
[SourceVersionDate "2015.07.17"]
[SourceQuality "1"]

1. d4 Nf6 2. Nf3 e6 3. c3 c5 4. e3 d5 5. Bd3 Bd6 6. Nbd2 0-0 7. 0-0 Nc6 8. h3 e5 9. dxe5 Nxe5 10. Nxe5 Bxe5 11. Nf3 Bc7 12. b4 Qe7 13. bxc5 Qxc5 14. Bb2 Ne4 15. Bxe4 dxe4 16. Nd4 Qe5 17. g3 Bxh3 18. Re1 Qg5 19. Kh2 Bg4 20. Qb3 Qh5+ 21. Kg1 Bf3 22. Nxf3 exf3 23. Qc4 Rac8 24. Qh4 Qxh4 25. gxh4 Be5 26. Rad1 Rc4 27. Rd5 Rg4+ 0-1

[Event "LSS No Engine Cup 119 Preliminary 3"]
[Site "LSS email"]
[Date "2014.10.16"]
[Round "?"]
[White "Neumann, Rudolf Phernandes O"]
[Black "Evsin, Igorj"]
[Result "0-1"]
[WhiteElo "740"]
[BlackElo "1385"]
[PlyCount "50"]
[EventDate "2014.10.17"]
[EventType "tourn (corr)"]
[EventRounds "6"]
[EventCountry "GER"]
[SourceTitle "Corr 2015"]
[Source "ChessBase"]
[SourceDate "2015.07.17"]
[SourceVersion "1"]
[SourceVersionDate "2015.07.17"]
[SourceQuality "1"]

1. d4 d5 2. Nf3 Nf6 3. Bf4 e6 4. e3 Bd6 5. Bg3 0-0 6. Bd3 c5 7. c3 Nc6 8. 0-0 Bxg3 9. hxg3 Qd6 10. Nbd2 e5 11. dxe5 Nxe5 12. Bc2 Bg4 13. Kh2 Rfe8 14. Rc1 Rad8 15. Bb1 Qa6 16. Qc2 Bxf3 17. Nxf3 Nfg4+ 18. Kg1 Qh6 19. Rfd1 Nxf3+ 20. gxf3 Qh2+ 21. Kf1 Qh1+ 22. Ke2 Rxe3+ 23. fxe3 Qg2+ 24. Ke1 Qg1+ 25. Kd2 Qxe3# 0-1

[Event "LSS No Engine Cup 118 Preliminary 4"]
[Site "LSS email"]
[Date "2014.09.25"]
[Round "?"]
[White "Plotnikov, Vladimir Anatolievi"]
[Black "Neumann, Rudolf Phernandes O"]
[Result "1-0"]
[WhiteElo "1222"]
[BlackElo "740"]
[PlyCount "67"]
[EventDate "2014.09.26"]
[EventType "tourn (corr)"]
[EventRounds "6"]
[EventCountry "GER"]
[SourceTitle "Corr 2015"]
[Source "ChessBase"]
[SourceDate "2015.07.17"]
[SourceVersion "1"]
[SourceVersionDate "2015.07.17"]
[SourceQuality "1"]

1. e4 c6 2. Nf3 d5 3. exd5 cxd5 4. d4 Nf6 5. Nc3 e6 6. Ne5 Nc6 7. Bb5 Bd7 8. Bxc6 bxc6 9. Bg5 Be7 10. 0-0 h6 11. Bh4 0-0 12. Ne2 c5 13. dxc5 Bb5 14. c6 Qc7 15. Bxf6 Bxf6 16. Nd7 Be7 17. Nxf8 Bxf8 18. Re1 Bxc6 19. a3 Bb5 20. Nd4 Ba6 21. Re3 Bd6 22. h3 Bc5 23. b4 Bb6 24. Rg3 Qe5 25. c3 Bc4 26. Qd2 Kh8 27. Re1 Qd6 28. Kh1 Rc8 29. Nf3 a5 30. Re5 axb4 31. Rh5 Kh7 32. Rxg7+ Kxg7 33. Qxh6+ Kg8 34. Rg5# 1-0

[Event "LSS No Engine Cup 117 Preliminary 6"]
[Site "LSS email"]
[Date "2014.09.04"]
[Round "?"]
[White "Neumann, Rudolf Phernandes O"]
[Black "Plunkett, Louis"]
[Result "0-1"]
[WhiteElo "740"]
[BlackElo "1158"]
[PlyCount "46"]
[EventDate "2014.09.05"]
[EventType "tourn (corr)"]
[EventRounds "6"]
[EventCountry "GER"]
[SourceTitle "Corr 2015"]
[Source "ChessBase"]
[SourceDate "2015.07.17"]
[SourceVersion "1"]
[SourceVersionDate "2015.07.17"]
[SourceQuality "1"]

1. d4 d5 2. Nf3 Nc6 3. Bf4 Bg4 4. e3 e6 5. Nc3 Nf6 6. Nb5 Bd6 7. Nxd6+ cxd6 8. Bb5 0-0 9. 0-0 a6 10. Bd3 Nb4 11. Be2 Bf5 12. Bd3 Nxd3 13. cxd3 Bg4 14. h3 Bh5 15. Rc1 Qd7 16. Qe2 Rfe8 17. Rc3 e5 18. dxe5 dxe5 19. g4 exf4 20. gxh5 Qxh3 21. Nh2 Re5 22. Rc7 Rg5+ 23. Kh1 Qg2# 0-1

[Event "LSS No Engine Cup 114 Preliminary 6"]
[Site "LSS email"]
[Date "2014.07.18"]
[Round "?"]
[White "Kalinin, Vyacheslav"]
[Black "Neumann, Rudolf Phernandes O"]
[Result "1-0"]
[WhiteElo "1189"]
[BlackElo "760"]
[PlyCount "55"]
[EventDate "2014.07.19"]
[EventType "tourn (corr)"]
[EventRounds "6"]
[EventCountry "GER"]
[SourceTitle "Corr 2015"]
[Source "ChessBase"]
[SourceDate "2015.07.17"]
[SourceVersion "1"]
[SourceVersionDate "2015.07.17"]
[SourceQuality "1"]

1. c4 c5 2. Nc3 Nf6 3. Nf3 Nc6 4. d4 cxd4 5. Nxd4 g6 6. g3 Bg7 7. Bg2 0-0 8. 0-0 Re8 9. Bg5 Qb6 10. Nb3 d6 11. Bxf6 Bxf6 12. Nd5 Qd8 13. Nxf6+ exf6 14. Qd2 Qe7 15. e3 Rd8 16. h3 Ne5 17. Rac1 Be6 18. Qd4 Nc6 19. Qh4 Rab8 20. Nd4 Bd7 21. Rfd1 Ne5 22. f4 Nc6 23. e4 Nb4 24. a3 Na6 25. b4 Nc7 26. f5 gxf5 27. Re1 fxe4 28. Bxe4 1-0

[Event "LSS No Engine Cup 114 Preliminary 6"]
[Site "LSS email"]
[Date "2014.07.18"]
[Round "?"]
[White "Lenz, Juergen"]
[Black "Neumann, Rudolf Phernandes O"]
[Result "1-0"]
[WhiteElo "947"]
[BlackElo "760"]
[PlyCount "55"]
[EventDate "2014.07.19"]
[EventType "tourn (corr)"]
[EventRounds "6"]
[EventCountry "GER"]
[SourceTitle "Corr 2015"]
[Source "ChessBase"]
[SourceDate "2015.07.17"]
[SourceVersion "1"]
[SourceVersionDate "2015.07.17"]
[SourceQuality "1"]

1. d4 Nf6 2. Nf3 g6 3. Bf4 Bg7 4. e3 d6 5. h3 0-0 6. Be2 Nbd7 7. 0-0 c5 8. c3 cxd4 9. exd4 a6 10. a4 Nb6 11. Nbd2 Bd7 12. a5 Nbd5 13. Bh2 Qc8 14. Re1 Nh5 15. Bf1 Re8 16. Nc4 Be6 17. Ne3 Nhf4 18. c4 Nxe3 19. fxe3 Nh5 20. Qb3 Nf6 21. Rac1 Ne4 22. Bd3 Nf6 23. e4 Bxh3 24. gxh3 Qxh3 25. Bf1 Qg4+ 26. Bg2 Nxe4 27. Qe3 Nc5 28. dxc5 1-0

[Event "LSS No Engine Cup 114 Preliminary 6"]
[Site "LSS email"]
[Date "2014.07.18"]
[Round "?"]
[White "Neumann, Rudolf Phernandes O"]
[Black "Caviglia, Maximiliano"]
[Result "0-1"]
[WhiteElo "760"]
[BlackElo "1129"]
[PlyCount "60"]
[EventDate "2014.07.19"]
[EventType "tourn (corr)"]
[EventRounds "6"]
[EventCountry "GER"]
[SourceTitle "Corr 2015"]
[Source "ChessBase"]
[SourceDate "2015.07.17"]
[SourceVersion "1"]
[SourceVersionDate "2015.07.17"]
[SourceQuality "1"]

1. d4 Nf6 2. c4 g6 3. Nc3 Bg7 4. Nf3 d6 5. e4 0-0 6. Be2 c6 7. 0-0 Bg4 8. Be3 Nbd7 9. Re1 Bxf3 10. Bxf3 e5 11. d5 Nc5 12. b4 cxd5 13. cxd5 Na6 14. a3 h6 15. Qd2 Kh7 16. Rac1 Nb8 17. Ne2 Nbd7 18. Rc3 Nb6 19. Qc1 Rc8 20. h3 Rxc3 21. Qxc3 Qc8 22. Bxb6 axb6 23. Rc1 Qd7 24. Qb2 Rc8 25. Rxc8 Qxc8 26. Nc3 Ne8 27. Be2 f5 28. f3 f4 29. Na4 Qa8 30. Nxb6 Qa7 0-1

[Event "LSS No Engine Cup 113 Preliminary 6"]
[Site "LSS email"]
[Date "2014.07.06"]
[Round "?"]
[White "Neumann, Rudolf Phernandes O"]
[Black "Huseby, Juan Carlos"]
[Result "1-0"]
[WhiteElo "740"]
[BlackElo "424"]
[PlyCount "59"]
[EventDate "2014.07.07"]
[EventType "tourn (corr)"]
[EventRounds "6"]
[EventCountry "GER"]
[SourceTitle "Corr 2015"]
[Source "ChessBase"]
[SourceDate "2015.07.17"]
[SourceVersion "1"]
[SourceVersionDate "2015.07.17"]
[SourceQuality "1"]

1. d4 Nf6 2. c4 Ne4 3. Nf3 e5 4. Nxe5 Nxf2 5. Kxf2 Qh4+ 6. g3 Qf6+ 7. Kg2 d6 8. Nf3 Bf5 9. Nc3 Nd7 10. e4 Bg4 11. Be2 Bxf3+ 12. Bxf3 h5 13. Nd5 Qd8 14. Rf1 g5 15. Bxh5 Rh7 16. Rf5 c6 17. Bxg5 Qa5 18. Nf6+ Kd8 19. Nxh7+ Be7 20. Bxe7+ Kxe7 21. Rxa5 a6 22. Qf3 b5 23. Qxf7+ Kd8 24. Qe8+ Kc7 25. Qxa8 Nb8 26. cxb5 Kb6 27. b4 Kc7 28. Qa7+ Kc8 29. Bg4+ Nd7 30. Qxd7+ 1-0

[Event "SN-2014-0-00604"]
[Site "LSS email"]
[Date "2014.06.18"]
[Round "?"]
[White "Cherry, Brian"]
[Black "Neumann, Rudolf Phernandes O"]
[Result "1-0"]
[WhiteElo "573"]
[BlackElo "760"]
[PlyCount "75"]
[EventDate "2014.05.30"]
[EventType "tourn (corr)"]
[EventRounds "6"]
[EventCountry "GER"]
[SourceTitle "Corr 2015"]
[Source "ChessBase"]
[SourceDate "2015.07.17"]
[SourceVersion "1"]
[SourceVersionDate "2015.07.17"]
[SourceQuality "1"]

1. e4 c6 2. Nf3 d5 3. exd5 cxd5 4. d4 Nf6 5. Bg5 e6 6. Bd3 Be7 7. 0-0 0-0 8. Nbd2 Nbd7 9. c4 dxc4 10. Nxc4 h6 11. Bf4 Nd5 12. Bd6 Bxd6 13. Nxd6 N7f6 14. Nxc8 Rxc8 15. h3 Qb6 16. Qd2 Rc7 17. Rac1 Rfc8 18. Rc2 Nb4 19. Rxc7 Rxc7 20. Bb1 Nbd5 21. g4 Qd6 22. g5 hxg5 23. Nxg5 Nf4 24. f3 N6h5 25. Qe1 Qxd4+ 26. Rf2 Qf6 27. h4 Rc1 28. Qxc1 Qd8 29. Rd2 Qb8 30. Qd1 Nd5 31. Qe1 Nhf4 32. Qe4 g6 33. a3 Nh5 34. Nxe6 Qg3+ 35. Rg2 Qd6 36. Rxg6+ fxg6 37. Qxg6+ Kh8 38. Qh7# 1-0

[Event "LSS No Engine Cup 112 Preliminary 5"]
[Site "LSS email"]
[Date "2014.06.17"]
[Round "?"]
[White "Caviglia, Maximiliano"]
[Black "Neumann, Rudolf Phernandes O"]
[Result "1-0"]
[WhiteElo "1129"]
[BlackElo "760"]
[PlyCount "53"]
[EventDate "2014.06.18"]
[EventType "tourn (corr)"]
[EventRounds "6"]
[EventCountry "GER"]
[SourceTitle "Corr 2015"]
[Source "ChessBase"]
[SourceDate "2015.07.17"]
[SourceVersion "1"]
[SourceVersionDate "2015.07.17"]
[SourceQuality "1"]

1. d4 Nf6 2. Nf3 g6 3. Bf4 Bg7 4. e3 0-0 5. h3 d5 6. Be2 Re8 7. 0-0 c6 8. c3 Nbd7 9. Nbd2 Nb6 10. Ne5 Nbd7 11. Ndf3 Nf8 12. Ng5 Be6 13. Nxe6 Nxe6 14. Bg4 Nxg4 15. Qxg4 Nxf4 16. exf4 e6 17. b4 a6 18. Rfe1 Qe7 19. Nd3 b6 20. Re2 c5 21. bxc5 bxc5 22. Nxc5 Reb8 23. Rae1 Qc7 24. Qf3 Qc6 25. g4 a5 26. f5 a4 27. fxe6 1-0

[Event "LSS No Engine Cup 112 Preliminary 5"]
[Site "LSS email"]
[Date "2014.06.17"]
[Round "?"]
[White "Neumann, Rudolf Phernandes O"]
[Black "Pech, Jaroslav Sr"]
[Result "0-1"]
[WhiteElo "760"]
[BlackElo "1484"]
[PlyCount "36"]
[EventDate "2014.06.18"]
[EventType "tourn (corr)"]
[EventRounds "6"]
[EventCountry "GER"]
[SourceTitle "Corr 2015"]
[Source "ChessBase"]
[SourceDate "2015.07.17"]
[SourceVersion "1"]
[SourceVersionDate "2015.07.17"]
[SourceQuality "1"]

1. d4 Nf6 2. c4 g6 3. Nc3 d5 4. cxd5 Nxd5 5. e4 Nxc3 6. bxc3 Bg7 7. Bc4 c5 8. Nf3 0-0 9. 0-0 cxd4 10. cxd4 Nc6 11. e5 Bg4 12. Be3 Bxf3 13. Qxf3 Nxd4 14. Bxd4 Qxd4 15. Rac1 Bxe5 16. Rfd1 Qf4 17. Qh3 Rad8 18. g3 Rxd1+ 0-1

[Event "LSS No Engine Cup 111 Preliminary 2"]
[Site "LSS email"]
[Date "2014.06.02"]
[Round "?"]
[White "Csoma, Balint"]
[Black "Neumann, Rudolf Phernandes O"]
[Result "0-1"]
[WhiteElo "1023"]
[BlackElo "760"]
[PlyCount "22"]
[EventDate "2014.06.03"]
[EventType "tourn (corr)"]
[EventRounds "6"]
[EventCountry "GER"]
[SourceTitle "Corr 2015"]
[Source "ChessBase"]
[SourceDate "2015.07.17"]
[SourceVersion "1"]
[SourceVersionDate "2015.07.17"]
[SourceQuality "1"]

1. Nf3 d5 2. d4 Nf6 3. c4 e6 4. e3 Be7 5. Be2 Nbd7 6. Nbd2 0-0 7. 0-0 c5 8. b3 b6 9. Ba3 Bb7 10. Rc1 cxd4 11. exd4 Bxa3 0-1

[Event "LSS No Engine Cup 110 Preliminary 6"]
[Site "LSS email"]
[Date "2014.05.16"]
[Round "?"]
[White "Neumann, Rudolf Phernandes O"]
[Black "Czech, Zygfryd"]
[Result "0-1"]
[WhiteElo "740"]
[BlackElo "1366"]
[PlyCount "50"]
[EventDate "2014.05.17"]
[EventType "tourn (corr)"]
[EventRounds "6"]
[EventCountry "GER"]
[SourceTitle "Corr 2015"]
[Source "ChessBase"]
[SourceDate "2015.07.17"]
[SourceVersion "1"]
[SourceVersionDate "2015.07.17"]
[SourceQuality "1"]

1. d4 Nf6 2. Nf3 d5 3. Bf4 c5 4. c3 e6 5. e3 Nc6 6. Nbd2 Bd6 7. Bxd6 Qxd6 8. Bb5 0-0 9. Bxc6 Qxc6 10. Ne5 Qb5 11. Qc2 Nd7 12. Ndf3 Nxe5 13. Nxe5 f6 14. Nf3 cxd4 15. exd4 Bd7 16. h4 Qa6 17. h5 Rae8 18. Kd2 e5 19. dxe5 fxe5 20. Rae1 e4 21. Nd4 Rxf2+ 22. Re2 Ref8 23. Kc1 e3 24. b4 Ba4 25. Qb2 Rf1+ 0-1

[Event "LSS No Engine Cup 110 Preliminary 6"]
[Site "LSS email"]
[Date "2014.05.16"]
[Round "?"]
[White "Neumann, Rudolf Phernandes O"]
[Black "Pech, Jaroslav Jr"]
[Result "0-1"]
[WhiteElo "740"]
[BlackElo "1699"]
[PlyCount "66"]
[EventDate "2014.05.17"]
[EventType "tourn (corr)"]
[EventRounds "6"]
[EventCountry "GER"]
[SourceTitle "Corr 2015"]
[Source "ChessBase"]
[SourceDate "2015.07.17"]
[SourceVersion "1"]
[SourceVersionDate "2015.07.17"]
[SourceQuality "1"]

1. d4 d5 2. c4 c6 3. Nf3 Nf6 4. Bg5 e6 5. e3 Nbd7 6. Bd3 h6 7. Bf4 Qa5+ 8. Nbd2 dxc4 9. Bxc4 g5 10. Be5 Nxe5 11. Nxe5 Bd6 12. 0-0 Bxe5 13. dxe5 Qxe5 14. Qc2 0-0 15. Nf3 Qf5 16. Qb3 e5 17. Rad1 g4 18. Nh4 Qg5 19. g3 b5 20. Bd3 e4 21. Bb1 Be6 22. Qc2 Bc4 23. Rfe1 Qe5 24. b3 Bd5 25. Ng2 Nh7 26. Nf4 Ng5 27. Kg2 Rad8 28. Qc5 h5 29. Qxa7 Nf3 30. Re2 Bxb3 31. Rxd8 Rxd8 32. h3 Rd1 33. Qa8+ Kg7 0-1

[Event "LSS No Engine Cup 110 Preliminary 6"]
[Site "LSS email"]
[Date "2014.05.16"]
[Round "?"]
[White "Pech, Jaroslav Sr"]
[Black "Neumann, Rudolf Phernandes O"]
[Result "0-1"]
[WhiteElo "1516"]
[BlackElo "740"]
[PlyCount "38"]
[EventDate "2014.05.17"]
[EventType "tourn (corr)"]
[EventRounds "6"]
[EventCountry "GER"]
[SourceTitle "Corr 2015"]
[Source "ChessBase"]
[SourceDate "2015.07.17"]
[SourceVersion "1"]
[SourceVersionDate "2015.07.17"]
[SourceQuality "1"]

1. e4 c6 2. d4 d5 3. Nc3 dxe4 4. Nxe4 Bf5 5. Ng3 Bg6 6. h4 h6 7. Nf3 Nd7 8. h5 Bh7 9. Bd3 Bxd3 10. Qxd3 Ngf6 11. Bf4 e6 12. 0-0-0 Be7 13. Kb1 Qb6 14. Ne5 Nxe5 15. dxe5 Nd5 16. Bc1 0-0-0 17. Ne4 f5 18. exf6 Nxf6 19. Qh3 c5 0-1

[Event "SN-2014-0-00589"]
[Site "LSS email"]
[Date "2014.04.27"]
[Round "?"]
[White "Lenz, Juergen"]
[Black "Neumann, Rudolf Phernandes O"]
[Result "0-1"]
[WhiteElo "947"]
[BlackElo "760"]
[PlyCount "38"]
[EventDate "2014.04.08"]
[EventType "tourn (corr)"]
[EventRounds "6"]
[EventCountry "GER"]
[SourceTitle "Corr 2015"]
[Source "ChessBase"]
[SourceDate "2015.07.17"]
[SourceVersion "1"]
[SourceVersionDate "2015.07.17"]
[SourceQuality "1"]

1. d4 d5 2. Nf3 c6 3. Bf4 Nf6 4. e3 Bg4 5. c4 e6 6. Nc3 Ne4 7. Qb3 Nxc3 8. bxc3 Bxf3 9. Qxb7 Nd7 10. gxf3 Be7 11. Qxc6 0-0 12. cxd5 Rc8 13. Qa4 Nb6 14. Qb3 Nxd5 15. Rc1 Qa5 16. Bc4 Nxf4 17. exf4 Qf5 18. 0-0 Qxf4 19. Be2 Bd6 0-1

[Event "RN-2014-0-00794"]
[Site "LSS email"]
[Date "2014.04.27"]
[Round "?"]
[White "Linart, Ludvik"]
[Black "Neumann, Rudolf Phernandes O"]
[Result "1-0"]
[WhiteElo "900"]
[BlackElo "800"]
[PlyCount "121"]
[EventDate "2014.04.11"]
[EventType "tourn (corr)"]
[EventRounds "6"]
[EventCountry "GER"]
[SourceTitle "Telechess CBM 167"]
[Source "ChessBase"]
[SourceDate "2015.07.13"]
[SourceVersion "1"]
[SourceVersionDate "2015.07.13"]
[SourceQuality "1"]

1. d4 d5 2. c4 Nf6 3. Nc3 e6 4. Bg5 Be7 5. e3 0-0 6. cxd5 Nxd5 7. Bxe7 Nxe7 8. Be2 Nd7 9. Nf3 Nb6 10. 0-0 Re8 11. Rc1 c6 12. b3 Nbd5 13. Nxd5 Nxd5 14. Qd2 Qd6 15. Rfe1 Bd7 16. Ne5 Nf6 17. Nc4 Qc7 18. Ne5 Rad8 19. b4 a6 20. a4 b5 21. axb5 axb5 22. Bxb5 Qb6 23. Nxd7 Nxd7 24. Bxc6 Re7 25. b5 Ne5 26. Qb2 Nxc6 27. Rxc6 Qb8 28. Rb1 Rd5 29. Rbc1 Re8 30. b6 Rh5 31. g3 Rd5 32. b7 Rdd8 33. Qb6 h5 34. Qxd8 Rxd8 35. Rc8 Qxb7 36. Rxd8+ Kh7 37. d5 exd5 38. Rd1 Kg6 39. R1xd5 Qb1+ 40. Rd1 Qe4 41. R1d4 Qb1+ 42. Kg2 Qb7+ 43. Kh3 Qe7 44. R8d6+ f6 45. e4 Qe5 46. f4 Qe8 47. Kh4 Qc8 48. f5+ Kh6 49. Rd8 g5+ 50. Kh3 Qa6 51. Rd3 Qa1 52. Rd1 Qa6 53. R8d6 Qe2 54. Rxf6+ Kh7 55. Rd7+ Kg8 56. Rg6+ Kf8 57. Rxg5 Qf1+ 58. Kh4 Qg2 59. Rxh5 Qxh2+ 60. Kg5 Qxg3+ 61. Kf6 1-0

[Event "SN-2014-0-00589"]
[Site "LSS email"]
[Date "2014.04.26"]
[Round "?"]
[White "Newton, Daryl"]
[Black "Neumann, Rudolf Phernandes O"]
[Result "0-1"]
[WhiteElo "532"]
[BlackElo "760"]
[PlyCount "78"]
[EventDate "2014.04.08"]
[EventType "tourn (corr)"]
[EventRounds "6"]
[EventCountry "GER"]
[SourceTitle "Corr 2015"]
[Source "ChessBase"]
[SourceDate "2015.07.17"]
[SourceVersion "1"]
[SourceVersionDate "2015.07.17"]
[SourceQuality "1"]

1. e4 c6 2. Bc4 d5 3. exd5 cxd5 4. Bb5+ Bd7 5. Qe2 e6 6. Nf3 Nf6 7. d4 Ne4 8. Bd3 Qa5+ 9. Nfd2 Bb4 10. 0-0 Nxd2 11. Nxd2 0-0 12. Rd1 Nc6 13. Nf3 Be7 14. Bd2 Qd8 15. Qe3 Bf6 16. Ng5 h6 17. Bh7+ Kh8 18. Qh3 Bxg5 19. Bd3 Nxd4 20. c3 Bxd2 21. Rxd2 e5 22. Qg3 e4 23. Bb1 Bb5 24. Rxd4 f5 25. a4 Bc6 26. b3 Qf6 27. Bc2 f4 28. Qg4 Rae8 29. Rad1 Re5 30. c4 Rg5 31. Qh3 dxc4 32. Rxc4 f3 33. Bxe4 Rxg2+ 34. Kh1 Qb2 35. b4 Rxf2 36. Qg3 Qe2 37. Bxf3 Rf1+ 38. Rxf1 Qxf1+ 39. Qg1 Bxf3# 0-1